| 000 | 00497 a2200205 4500 | ||
|---|---|---|---|
| 005 | 20260402121406.0 | ||
| 008 | 260402b |||||||| |||| 00| 0 eng d | ||
| 020 |
_a9788196544508 _cRs. 795.00 |
||
| 040 | _aMAIN | ||
| 082 |
_a632 _bS64P(11) |
||
| 100 | _aSingh,R S | ||
| 245 | _aPlant diseases | ||
| 250 | _a11th | ||
| 260 |
_bMedtech Science Press _c2024 _aNew Delhi |
||
| 300 | _axxiii, 821 | ||
| 650 | _aPlant | ||
| 650 | _aDiseases- Plant | ||
| 650 | _aPlant Pathology | ||
| 942 | _cBK | ||
| 999 |
_c395013 _d395013 |
||